000 02092cam a22003974a 4500
001 14354270
003 OSt
005 20210909152417.0
008 060426s2007 enka b 001 0 eng
010 _a 2006013771
015 _aGBA667002
_2bnb
016 7 _a013522858
_2Uk
020 _a978844072620
035 _a(OCoLC)ocm67922192
035 _a(OCoLC)67922192
038 _akhadija
040 _aDLC
_cDLC
_dBAKER
_dUKM
_dBTCTA
_dYDXCP
_dBWKUK
_dYDX
_dCOD
_dMNY
_dDLC
041 1 _aeng
_hswe
042 _apcc
050 0 0 _aTJ825
_b.W59 2007
082 0 0 _a333.92
_222
_bWIZ
100 1 _aWizelius, Tore,
_d1947-
_982371
240 1 0 _aVindkraft.
_lEnglish
245 1 0 _aDeveloping wind power projects :
_btheory and practice /
_cTore Wizelius.
260 _aLondon ;
_aSterling, VA :
_bEarthscan,
_c2007.
300 _axiv, 290 p. :
_bill. ;
_c24 cm.
500 _aTranslated from the Swedish.
504 _aIncludes bibliographical references (p. [277]-280) and index.
505 0 _aPt. I. Introduction to wind power -- 1. Wind power today and in the future -- 2. Historical background -- 3. Development of the modern wind power industry -- Pt. II. Wind energy -- 4. The wind -- 5. The power of wind -- 6. Conversion of wind energy -- Pt. III. Technology -- 7. Types of wind turbine -- 8. The wind turbine rotor -- 9. Nacelle, tower and foundation -- 10. Electrical and control system -- 11. Efficiency and performance -- Pt. IV. Wind power and society -- 12. Wind power policy -- 13. Wind power and the environment -- 14. Wind power planning -- 15. Opinion and acceptance -- 16. Grid connection of wind turbines -- Pt. V. Wind power project development -- 17. Siting of wind turbines -- 18. Economics -- 19. Project development.
563 _apaperback
650 0 _aWind power.
_93446
856 4 1 _3Table of contents only
_uhttp://www.loc.gov/catdir/toc/ecip0613/2006013771.html
906 _a7
_bcbc
_corignew
_d1
_eecip
_f20
_gy-gencatlg
942 _2ddc
_cBK
999 _c33151
_d33151